Culture générale ! Une image... Un des... (21) - Statistiques

Statistiques générales
  • Ce quiz a été pris 110 fois
  • Le résultat moyen est 9 sur 20
Statistiques - réponses
Par images Hint Réponse % Correct
plats régionaux français choucroute
98%
personnages de BD Marsupilami
87%
films tournés dans le Nord Bienvenue chez les Chtis
85%
marques françaises d automobile Renault
81%
une des saisons automne
80%
meubles de la maison Lit
71%
peintres hollandais Vincent Van Gogh
62%
sortes de pates Farfalle | Papillon
60%
grands ingénieurs français Gustave Eiffel
54%
pictogrammes sportifs athlétisme
45%
personnage de Lucky Luke (la femme) Ma Dalton
42%
drapeaux d un état américain Texas
41%
un des départements français Nièvre
25%
chanteurs français Gérard Lenorman
24%
écrivains anglais Oscar Wilde
15%
légumes des jardins betterave rouge
11%
albums des Schtroumpfs La soupe aux Schtroumpfs
11%
un des grands photographes français Robert Doisneau
6%
races de chien Braque de Weimar
4%
meubles de blason nef
4%
Aucun quiz correspondant
Distribution des résultats
% des personnes avec chaque résultat
Percentile par nombre de réponses
Votre historique - résultats
Vous n’avez pas pris ce quiz